000 00875nam a22002657a 4500
999 _c3954
_d3954
001 3954
003 BD-JhCC
005 20180403171606.0
008 171119b xxu||||| |||| 00| 0 eng d
020 _a9840731041
035 _a(BD-JhCC)3954
040 _aBD-JhCC
_dBD-JhCC
041 _aben
082 _a621.3815
_bKHA 1994
100 _aখান, সাইদুর রহমান
245 _aপালস ও সুইচিং বর্তনী /
_cসাইদুর রহমান খান, মোঃ মোজাফফর হোসেন
260 _aঢাকা:
_bবাংলা একাডেমী,
_c1994.
300 _a173 p. :
_c23 cm.
650 _aElectronic circuits
650 _aPulse circuits
650 _aSwitching circuits
700 _a হোসেন, মোঃ মোজাফফর
942 _2ddc
_cBK